000 00316nam a22001457a 4500
008 210604b ||||| |||| 00| 0 eng d
020 _a9780131502932
041 _aeng
080 _22nd
_a573
082 _a573
100 _a11
101 _aBIO
245 _aBiological Science
_cScott Freeman
942 _2udc
_cBK
999 _c57964
_d57964